Me gusta el amarillo / (Registro nro. 14749)
[ vista simple ]
| 000 -LIDER | |
|---|---|
| fixed length control field | 00804nam a2200289 a 4500 |
| 001 - NÚMERO DE CONTROL | |
| Identificador de número de control | 0000294 |
| 003 - IDENTIFICACDOR DE NÚMERO DE CONTROL | |
| control field | DO-SdBNP |
| 005 - DATE AND TIME OF LATEST TRANSACTION | |
| control field | 20240724120242.0 |
| 007 - CAMPOS FIJOS DE DESCRIPCIÓN FÍSICA | |
| fixed length control field | 0000294 |
| 008 - ELEMENTOS DE LONGITUD FIJA | |
| fixed length control field | 150130s2005 cl ac 000 0 spa d |
| 020 ## - ISBN | |
| International Standard Book Number | 8434220075 |
| 040 ## - FUENTE DE CATALOGACIÓN | |
| Agencia que crea de manera original el registro | BPMSU |
| Idioma de catalogación | spa |
| Agencia que realiza la transcripción | BPMSU |
| 082 #4 - NÚMERO DE CLASIFICACIÓN DECIMAL DE DEWEY | |
| Classification number | 741.642 |
| Item number | C732m 1996 |
| Edition number | 22 |
| 100 1# - ASIENTO PRINCIPAL -- NOMBRE PERSONAL | |
| Nombre personal | Comella, M. Ángels |
| 245 10 - MENCIÓN DE TITULO | |
| Título | Me gusta el amarillo / |
| Mención de responsabilidad | M. Ángels Comella |
| 260 ## - PUBLICACIÓN, DISTRIBUCIÓN, ETC. (PIE DE IMPRENTA) | |
| Lugar de publicación, distribución, etc | Barcelona : |
| Nombre del editor, distribuidor, etc. | Parramón Ediciones, |
| Fecha de publicación, distribución, etc | 1996 |
| 300 ## - DESCRIPCIÓN FÍSICA | |
| Extensión | 31 p. : |
| Otros detalles físicos | il. ; |
| Dimensiones | 29 cm. |
| 500 ## - NOTA GENERAL | |
| Nota general | |
| 500 ## - NOTA GENERAL | |
| Nota general | |
| 590 ## - NOTA LOCAL | |
| Texto de la nota local | Inventariado, 2024/VM |
| 650 #4 - ENCABEZAMIENTO DE MATERIA--TEMÁTICO | |
| Término temático o nombre geográfico como elemento de entrada | Arte |
| Subdivisión temática general | Enseñanza primaria |
| 650 #4 - ENCABEZAMIENTO DE MATERIA--TEMÁTICO | |
| Término temático o nombre geográfico como elemento de entrada | Colores |
| Subdivisión temática general | Enseñanza primaria |
| 650 #4 - ENCABEZAMIENTO DE MATERIA--TEMÁTICO | |
| Término temático o nombre geográfico como elemento de entrada | Libros ilustrados para niños |
| 710 2# - ASIENTO SECUNDARIO -- NOMBRE CORPORATIVO | |
| Nombre corporativo o de jurisdicción | Parramón Ediciones |
| 910 ## - VALIDACIÓN | |
| Validación | VMateo V. Control de calidad BPMSU |
| 942 ## - ADDED ENTRY ELEMENTS (KOHA) | |
| Source of classification or shelving scheme | Dewey Decimal Classification |
| Koha item type | Libros |
| Withdrawn status | Lost status | Source of classification or shelving scheme | Damaged status | Not for loan | Collection code | Home library | Current library | Date acquired | Total Checkouts | Full call number | Barcode | Date last seen | Copy number | Price effective from | Koha item type |
|---|---|---|---|---|---|---|---|---|---|---|---|---|---|---|---|
| Dewey Decimal Classification | Colección Infantil General | Biblioteca Pública Metropolitana Salomé Ureña | Biblioteca Pública Metropolitana Salomé Ureña | 07/24/2024 | BPMSU CGI 741.642 C732m 1996 | BPMSU24070106 | 07/24/2024 | v.1 | 07/24/2024 | Libros |